00806nam a22002652a 450000100060000000300080000600500170001400800410003103500190007204000420009104100080013308200240014110000410016524500640020625000250027026000730029530000280036850000320039650400200042865000150044865000160046365000150047965000280049465000180052215920BD-RjUL20211208235919.0140211r19681966mau 001 0 eng d a(BD-RjUL)15975 aDLCcKSUdOCLdSERdEQOdBD-RjULbeng aeng00a658.4bBAF 19682231 aBarnard, Chester Irving,d1886-1961.14aThe functions of the executive /cby Chester I. Barnard ... a30th anniversary ed. aCambridge, Mass :bHarvard University Press,cc1966 [printing 1968]. axxxvi, 309 p. ;c23 cm. a"Published December, 1938." aincludes index. 0aExecutives 0aCooperation 0aIndustries 0aIndustrial organization 0aSocial groups